El retorno conservador : Década del '30.
Guardado en:
| Formato: | |
|---|---|
| Series: | Historia de un país: Argentina
|
| Materias: | |
| Etiquetas: |
Agregar Etiqueta
Sin Etiquetas, Sea el primero en etiquetar este registro!
|
| LEADER | 01071ngm a22002775g 4500 | ||
|---|---|---|---|
| 001 | CEM.cems022848 | ||
| 008 | 130507b2007##################0###0#####d | ||
| 005 | 20241125133627.0 | ||
| 245 | 0 | 0 | |a El retorno conservador : |b Década del '30. |
| 300 | |a 30'. | ||
| 490 | 0 | |a Historia de un país: Argentina | |
| 500 | |a En soporte VHS, consultar en ventanilla. | ||
| 505 | 0 | |a La crisis de Wall Street en 1930: efectos en la Argentina. La era del fraude. Gobiernos conservadores. Alineamiento con Gran Bretaña. El escándalo de la carne. Pacto Roca-Runciman. Asesinato en el Senado. | |
| 538 | |a Soporte: VHS - Norma: Pal N - Color: Si - Grabación DRD 2007 - Hitachi=5945 | ||
| 082 | 9 | 8 | |/ CAM |
| 653 | |a HISTORIA | ||
| 653 | |a HISTORIA ARGENTINA | ||
| 653 | |a CONSERVADORISMO | ||
| 653 | |a CRISIS DEL '30 | ||
| 653 | |a WALL STREET | ||
| 653 | |a FRAUDE PATRIOTICO | ||
| 653 | |a PACTO ROCA-RUNCIMAN | ||
| 653 | |a ASESINATO EN EL SENADO | ||
| 653 | |a NIVEL PRIMARIO | ||
| 653 | |a NIVEL SECUNDARIO | ||
| 859 | |a CEMS |b BIB. CEMS - Depto. Recursos Didacticos |h 982 |i CAM |k DRD |p 1491.12 |t Ej.1 | ||
